Europe: Monnaie par pays (Boites jaunes) - Statistiques

Statistiques générales
  • Ce quiz a été pris 614 fois
    23 depuis la dernière actualisation
  • Le résultat moyen est 31 sur 45
Statistiques - réponses
Pays Monnaie % Correct
Autriche Euro
100%
Belgique Euro
95%
Andorre Aucune (Euro)
89%
Croatie Euro
89%
Estonie Euro
89%
Finlande Euro
84%
France Euro
84%
Allemagne Euro
84%
Grèce Euro
84%
Irlande Euro
84%
Italie Euro
84%
Lettonie Euro
84%
Lituanie Euro
84%
Luxembourg Euro
84%
Kosovo Aucune (Euro)
79%
Monaco Aucune (Euro)
79%
Saint-Marin Aucune (Euro)
79%
Vatican Aucune (Euro)
79%
Bulgarie Euro
79%
Malte Euro
79%
Pays-Bas Euro
79%
Portugal Euro
79%
Slovaquie Euro
79%
Slovénie Euro
79%
Espagne Euro
79%
Montenegro Aucune (Euro)
74%
Danemark Couronne danoise
74%
Liechtenstein Aucune (Franc suisse)
68%
Suisse Franc suisse
68%
Royaume-Uni Livre sterling
68%
Biélorussie Rouble biélorusse
68%
Norvège Couronne norvégienne
63%
Suède Couronne suédoise
63%
Islande Couronne islandaise
58%
République tchèque Couronne tchèque
58%
Russie Rouble russe
58%
Albanie Lek
47%
Hongrie Forint
42%
Pologne Złoty
42%
Serbie Dinar serbe
37%
Bosnie-Herzégovine Mark convertible
32%
Macédoine du Nord Denar
26%
Roumanie Leu roumain
26%
Ukraine Hryvnia
21%
Moldavie Leu moldave
21%
Aucun quiz correspondant
Distribution des résultats
% des personnes avec chaque résultat
Percentile par nombre de réponses
Votre historique - résultats
Vous n’avez pas pris ce quiz depuis la dernière actualisation